Experiencing architecture. (Record no. 352241)
[ view plain ]
| 000 -LEADER | |
|---|---|
| fixed length control field | 00766 a2200241 4500 |
| 003 - CONTROL NUMBER IDENTIFIER | |
| control field | OSt |
| 005 - DATE AND TIME OF LATEST TRANSACTION | |
| control field | 20180116192327.0 |
| 008 - FIXED-LENGTH DATA ELEMENTS--GENERAL INFORMATION | |
| fixed length control field | 120516t xxu||||| |||| 00| 0 eng d |
| 010 ## - LIBRARY OF CONGRESS CONTROL NUMBER | |
| LC control number | 59016495 |
| 020 ## - INTERNATIONAL STANDARD BOOK NUMBER | |
| International Standard Book Number | 9780262680028 |
| 035 ## - SYSTEM CONTROL NUMBER | |
| System control number | (OCoLC)1574808 |
| 040 ## - CATALOGING SOURCE | |
| Transcribing agency | 0 |
| 082 ## - DEWEY DECIMAL CLASSIFICATION NUMBER | |
| Classification number | 720 |
| 100 1# - MAIN ENTRY--PERSONAL NAME | |
| Personal name | Rasmussen, Steen Eiler, |
| 9 (RLIN) | 1391 |
| 245 10 - TITLE STATEMENT | |
| Title | Experiencing architecture. |
| Remainder of title | [Translation from Danish by Eve Wendt. |
| 250 ## - EDITION STATEMENT | |
| Edition statement | 1st United States ed. |
| 260 ## - PUBLICATION, DISTRIBUTION, ETC. | |
| Place of publication, distribution, etc. | Cambridge, Mass. |
| Name of publisher, distributor, etc. | Technology Press of Massachusetts Institute of Technology |
| Date of publication, distribution, etc. | [1959] |
| 300 ## - PHYSICAL DESCRIPTION | |
| Extent | 251 p. |
| Other physical details | illus. |
| Dimensions | 24 cm. |
| 500 ## - GENERAL NOTE | |
| General note | Includes index |
| 650 #0 - SUBJECT ADDED ENTRY--TOPICAL TERM | |
| Topical term or geographic name entry element | Architecture. |
| 9 (RLIN) | 1392 |
| 942 ## - ADDED ENTRY ELEMENTS (KOHA) | |
| Institution code [OBSOLETE] | SADA |
| Koha item type | Book |
| Call number prefix | 720 RAS 1959 |
| Source of classification or shelving scheme | |
| Withdrawn status | Lost status | Source of classification or shelving scheme | Damaged status | Not for loan | Permanent Location | Current Location | Date acquired | Total Checkouts | Total Renewals | Full call number | Barcode | Date last seen | Date last checked out | Cost, replacement price | Price effective from | Koha item type |
|---|---|---|---|---|---|---|---|---|---|---|---|---|---|---|---|---|
| School of Art Design and Architecture (SADA) | School of Art Design and Architecture (SADA) | 11/10/2010 | 7 | 2 | 720 RAS 1959 | SADA0000412 | 08/08/2025 | 12/13/2024 | 1423.00 | 08/05/2011 | Book |
